| 000 | 00520nam a2200181 a 4500 | ||
|---|---|---|---|
| 005 | 20140310183459.0 | ||
| 008 | 091208s19uu xx 00 eng d | ||
| 020 | _a978-1-4239-0550-9 | ||
| 050 |
_aTK 5105.883 _b.R573 2009 |
||
| 100 | _aRiley, Julie | ||
| 245 |
_aMicrosoft expression web : _billustrated complete / |
||
| 260 |
_aAustralia : _bCourse Technology, _c2007. |
||
| 300 |
_a24 index _c28 cm. |
||
| 650 | _aWeb sites design. | ||
| 650 | _aWeb sites development. | ||
| 942 |
_cBK _2lcc _kFOR |
||
| 999 |
_c23796 _d23796 |
||